Peňažný trh Číny v prestavbe
Chyby ázijských tigrov, ktorých by sa mala Čína vyvarovať. Situácia v čínskom bankovom sektore. Profily najdôležitejších čínskych bánk : Ľudovej banky Číny (PBOC), Čínskej banky (BOC), Priemyselnej a komerčnej banky Číny (ICBC), Poľnohospodárskej banky Číny (ABC) a Ľudovej stavebnej banky Číny (PCBC...
Guardado en:
| Autor principal: | |
|---|---|
| Formato: | Libro |
| Lenguaje: | eslovaco |
| Materias: | |
| Etiquetas: |
Sin Etiquetas, Sea el primero en etiquetar este registro!
|
MARC
| LEADER | 00000nam a2200000 4500 | ||
|---|---|---|---|
| 001 | r031337 | ||
| 005 | 20230824094954.2 | ||
| 041 | 0 | |a slo | |
| 044 | |a SK | ||
| 245 | 1 | 0 | |a Peňažný trh Číny v prestavbe |c Jaroslav Koribský |
| 520 | |a Chyby ázijských tigrov, ktorých by sa mala Čína vyvarovať. Situácia v čínskom bankovom sektore. Profily najdôležitejších čínskych bánk : Ľudovej banky Číny (PBOC), Čínskej banky (BOC), Priemyselnej a komerčnej banky Číny (ICBC), Poľnohospodárskej banky Číny (ABC) a Ľudovej stavebnej banky Číny (PCBC). | ||
| 610 | 2 | 0 | |a bankovníctvo |
| 610 | 2 | 0 | |a banky |
| 610 | 2 | 0 | |a banky centrálne |
| 610 | 2 | 0 | |a banky emisné |
| 610 | 2 | 0 | |a banky poľnohospodárske |
| 610 | 2 | 0 | |a Čína |
| 610 | 2 | 0 | |a rozvoj hospodársky |
| 610 | 2 | 0 | |a reformy |
| 610 | 2 | 0 | |a trh finančný |
| 610 | 2 | 0 | |a Ázia |
| 610 | 2 | 0 | |a NIK |
| 100 | 1 | |a Koribský, Jaroslav | |